Estatísticas para Países que Estão a 60 Graus a Leste

Clique aqui para jogar o quiz

Estatísticas Gerais

  • Esse quiz foi jogado 25 vezes
  • A pontuação média é 16 de 20

Estatísticas das Respostas

grauspaís% Correto
Rússia
100%
4.33°Arábia Saudita
90%
0.21°Omã
90%
0.51°Afeganistão
86%
8.38°Catar
86%
Uzbequistão
86%
Cazaquistão
81%
8.19°Índia
81%
0.87°Paquistão
81%
8.59°Somália
81%
Turquemenistão
81%
3.62°Emirados
Árabes Unidos
76%
Irão
76%
11.43°Iraque
76%
9.18°Bahrein
71%
5.49°Iémen
71%
9.52°Madagáscar
71%
9.66°Azerbaijão
67%
4.06°Seychelles
67%
2.15°Maurícia
48%

Distribuição das Pontuações

Percentil de Números Respondidos

Porcentagem de Pessoas com Cada Pontuação

Sua Pontuação Histórica

Você não jogou esse quiz